000 01458cam a22003497a 4500
999 _c27043
_d27043
001 14953919
003 OSt
005 20170207110144.0
008 070806s2006 paua 000 0 eng d
010 _a 2007278924
020 _a9781565232846 (pbk.)
020 _a1565232844 (pbk.)
035 _a(OCoLC)ocm68786612
040 _aBLP
_cBLP
_dQBX
_dBAKER
_dBTCTA
_dDLC
042 _alccopycat
050 0 0 _aNC782 .R638 2006
082 0 4 _a743.6/8943
_222
100 1 _aRogers, Denny.
_d2006-
245 1 4 _aThe illustrated bald eagle /
_cDenny Rogers ; [Lori Corbett, color charts and illustrations].
260 _aEast Petersburg, PA :
_bFox Chapel Pub.,
_c2006.
300 _a79 p. :
_bill. (chiefly col.) ;
_c28 cm.
650 0 _aBald eagle in art.
650 0 _aBald eagle
_xPhysiology.
650 0 _aWood-carving
_vPatterns.
650 0 _aWildlife wood-carving
_vPatterns.
700 1 _aCorbett, Lori.
856 4 2 _3Contributor biographical information
_uhttp://www.loc.gov/catdir/enhancements/fy0743/2007278924-b.html
856 4 2 _3Publisher description
_uhttp://www.loc.gov/catdir/enhancements/fy0743/2007278924-d.html
856 4 1 _3Table of contents
_uhttp://www.loc.gov/catdir/toc/fy0716/2007278924.html
906 _a7
_bcbc
_ccopycat
_d2
_encip
_f20
_gy-gencatlg
942 _2lcc
_cBOOKS
_hNC782 .R638 2006
_k34575